000 00272nam a22001337a 4500
008 170919b xxu||||| |||| 00| 0 eng d
020 _a0681463023
041 _aeng
080 _a7
100 _a44
101 _aART
245 _aREMBRANDT
_cKITSON,M
942 _2udc
_cBK
999 _c28169
_d28169